000 01335cam a2200337 a 4500
999 _c8639
_d8639
001 12630064
003 GZU
005 20210521112349.0
008 011227s2001 ncu d 000 1 eng
010 _a 2001059776
020 _a1886910715 (alk. paper)
040 _aDLC
_cDLC
041 1 _aeng
_hdut
042 _alcac
050 0 0 _aPZ7.
_b.MOE2001
082 0 0 _a[Fic]
_221
100 1 _aMoeyaert, Bart.
240 1 0 _aHet is de liefde die we niet begrijpen.
_lEnglish
245 1 0 _aIt's love we don't understand /
_cby Bart Moeyaert ; translated from the Dutch by Wanda Boeke.
250 _a1st ed.
260 _aAsheville, N.C. :
_bFront Street,
_cc2001.
300 _a127 p. ;
_c22 cm.
520 _aIn three episodic scenes of their family life, a fifteen-year-old girl describes the troubled interrelationships, alternating between love and hate, between herself and her siblings and their self-absorbed, neglectful, and often absent mother.
650 1 _aFamily problems
_vFiction.
650 1 _aAbandoned children
_vFiction.
650 1 _aBrothers and sisters
_vFiction.
700 1 _aBoeke, Wanda.
906 _a7
_bcbc
_corignew
_d1
_eocip
_f20
_gy-gencatlg
942 _2lcc
_cBK
_h7
_iMOE
_kPZ